Final account procedures (Record no. 115637)
[ view plain ]
| 000 -LEADER | |
|---|---|
| fixed length control field | 01291cad a22002775a 4500 |
| 001 - CONTROL NUMBER | |
| control field | L159036 |
| 008 - FIXED-LENGTH DATA ELEMENTS--GENERAL INFORMATION | |
| fixed length control field | 130206s2015 xxk f 000 0 eng d |
| 020 ## - INTERNATIONAL STANDARD BOOK NUMBER | |
| International Standard Book Number | 9781783211326 |
| 035 ## - SYSTEM CONTROL NUMBER | |
| System control number | (Sirsi) u159036 |
| 041 0# - LANGUAGE CODE | |
| Language code of text/sound track or separate title | eng |
| 110 2# - MAIN ENTRY--CORPORATE NAME | |
| Corporate name or jurisdiction name as entry element | Royal Institution of Chartered Surveyors |
| 9 (RLIN) | 4900 |
| 245 ## - TITLE STATEMENT | |
| Title | Final account procedures |
| Medium | [electronic resource] |
| 260 ## - PUBLICATION, DISTRIBUTION, ETC. | |
| Place of publication, distribution, etc. | London |
| Name of publisher, distributor, etc. | RICS |
| Date of publication, distribution, etc. | 2015 |
| 300 ## - PHYSICAL DESCRIPTION | |
| Extent | 26p. |
| 490 #0 - SERIES STATEMENT | |
| Series statement | RICS Guidance Note |
| 490 #0 - SERIES STATEMENT | |
| Series statement | RICS Black Book |
| 520 ## - SUMMARY, ETC. | |
| Summary, etc. | Effective from 14 March 2016. Summarises what a final account is and how they are used to establish a final adjustment to the contract price. The practical issues of how to prepare a final account in accordance with the contract and the process of cooperation between the parties and negotiation is also discussed. Guidance is given in relation to the main forms of contract and main procurement routes. |
| 590 ## - LOCAL NOTE (RLIN) | |
| Local note | KA |
| 650 24 - SUBJECT ADDED ENTRY--TOPICAL TERM | |
| Topical term or geographic name entry element | FINAL ACCOUNTS |
| 650 24 - SUBJECT ADDED ENTRY--TOPICAL TERM | |
| Topical term or geographic name entry element | RICS QS AND CONSTRUCTION STANDARDS |
| 650 24 - SUBJECT ADDED ENTRY--TOPICAL TERM | |
| Topical term or geographic name entry element | RICS BLACK BOOK |
| 651 #4 - SUBJECT ADDED ENTRY--GEOGRAPHIC NAME | |
| Geographic name | United Kingdom |
| 690 ## - LOCAL SUBJECT ADDED ENTRY--TOPICAL TERM (OCLC, RLIN) | |
| Topical term or geographic name as entry element | Contracts |
| 9 (RLIN) | 6232 |
| 856 40 - ELECTRONIC LOCATION AND ACCESS | |
| Uniform Resource Identifier | <a href="https://www.rics.org/profession-standards/rics-standards-and-guidance/sector-standards/construction-standards/black-book/final-account-procedures">https://www.rics.org/profession-standards/rics-standards-and-guidance/sector-standards/construction-standards/black-book/final-account-procedures</a> |
| Public note | Available free on RICS.org |
| 942 ## - ADDED ENTRY ELEMENTS (KOHA) | |
| Suppress in OPAC | 0 |
| Source of classification or shelving scheme | Dewey Decimal Classification |
| Withdrawn status | Lost status | Source of classification or shelving scheme | Damaged status | Not for loan | Home library | Current library | Shelving location | Date acquired | Total Checkouts | Full call number | Barcode | Date last seen | Copy number | Price effective from | Koha item type |
|---|---|---|---|---|---|---|---|---|---|---|---|---|---|---|---|
| Dewey Decimal Classification | Archives | Archives | RICS Boxes | 22/03/2023 | RICS 2015/19 | 22/03/2023 | 22/03/2023 | Book | |||||||
| Dewey Decimal Classification | Virtual | Virtual | Online | 14/12/2015 | ONLINE PUBLICATION | 159036-2001 | 22/03/2023 | 1 | 06/08/2019 | Book |